000 00329nam a22001577a 4500
003 SGT
020 _a9780323733571
082 _a617.51
_bE23S
100 _aSCHOLES, MELISSA A.
245 _aENT SECRETS
250 _a5TH
260 _aPHILADELPHIA
_bELSEVIER PUB
_c2023
300 _a513
650 _aENT
942 _2ddc
_cBK
999 _c30638
_d30638